| Tag |
First Indicator |
Second Indicator |
Subfields |
| LEADER |
00000cam a2200000 a 4500 |
| 001 |
in00000990455 |
| 005 |
20150927154406.0 |
| 008 |
900309s1990 dcu 00000 eng d |
| 035 |
|
|
|a (OCoLC)21192069
|
| 035 |
|
|
|9 AEY1513AM
|
| 040 |
|
|
|a AGL
|c AGL
|d MIZ
|d AGL
|d UtOrBLW
|
| 049 |
|
|
|a TXAM
|
| 070 |
0 |
|
|a HE355.F87
|
| 072 |
|
0 |
|a X800
|a X700
|
| 090 |
|
|
|a HE355
|b .F87 1990
|
| 245 |
0 |
0 |
|a Future federal surface transportation program :
|b policy recommendations /
|c Transportation Alternatives Group.
|
| 264 |
|
1 |
|a Washington, DC :
|b The Group,
|c [1990]
|
| 300 |
|
|
|a 25 pages ;
|c 28 cm.
|
| 336 |
|
|
|a text
|b txt
|2 rdacontent
|
| 337 |
|
|
|a unmediated
|b n
|2 rdamedia
|
| 338 |
|
|
|a volume
|b nc
|2 rdacarrier
|
| 500 |
|
|
|a Cover title.
|
| 500 |
|
|
|a "January, 1990"--P. [2] of cover.
|
| 500 |
|
|
|a "Transportation 2020."
|
| 650 |
|
0 |
|a Transportation
|z United States.
|
| 710 |
2 |
|
|a Transportation Alternatives Group.
|
| 999 |
|
|
|a MARS
|
| 999 |
f |
f |
|s bc92090f-cab1-38c6-a251-ebbde185d375
|i 962bcc2d-1d38-37eb-895f-cfbe028c9962
|t 0
|
| 952 |
f |
f |
|p ric
|a Texas A&M University
|b Rellis Campus
|c Joint Library Facility
|d Remote Storage
|t 0
|e HE355 .F87 1990
|h Library of Congress classification
|i unmediated -- volume
|m A14814429954
|
| 998 |
f |
f |
|a HE355 .F87 1990
|t 0
|l Remote Storage
|